[Event "69th ch-RUS HL 2016"]
[Site "Kolomna RUS"]
[Date "2016.07.01"]
[Round "9.23"]
[White "Prizant, Jaroslav"]
[Black "Esipenko, Andrey"]
[Result "1/2-1/2"]
[WhiteElo "2511"]
[BlackElo "2471"]
[EventDate "2016.06.22"]

1. e4 e5 2. Nf3 Nc6 3. Bb5 a6 4. Ba4 Nf6 5. O-O Be7 6. d3 d6 7. c3 O-O 8.
Re1 Re8 9. Nbd2 Bf8 10. Nf1 h6 11. Ng3 b5 12. Bc2 d5 13. exd5 Nxd5 14. Bd2
Bb7 15. b4 Nf6 16. a4 Qd7 17. Ne4 Nxe4 18. dxe4 Nd8 19. Be3 Qc8 20. axb5
axb5 21. Qe2 c6 22. Bb3 Qb8 23. Rxa8 Qxa8 24. Bb6 c5 25. Qxb5 Ne6 26. bxc5
Bxe4 27. Nxe5 Ng5 28. Qa4 Qxa4 29. Bxa4 Rxe5 30. f4 Rxc5 31. fxg5 Bc6 32.
Bxc6 Rxc6 33. Bd4 hxg5 34. Kf2 f6 35. Ra1 Kf7 36. Ra7+ Ke6 37. Ke3 Be7 38.
Kd3 Bf8 39. Ra2 Bd6 40. h3 Be7 41. Re2+ Kd7 42. c4 Rc8 43. Ra2 Rc6 44. Ra7+
Ke6 45. Ra8 Kf7 46. Ra2 Ke6 47. Rb2 Kd7 48. Rb7+ Ke6 49. Rb1 Kd7 50. Rb5
Ke6 51. Ra5 Bf8 52. Kc3 Be7 53. Ra2 Kd7 54. Kb3 Rc8 55. Ra7+ Rc7 56. Ra2
Rc8 57. Kc3 Rc6 58. Ra5 Ke6 59. Kd3 Bf8 60. Ra8 Be7 61. Rb8 Ra6 62. Rb6+
Rxb6 63. Bxb6 Kd6 64. Bd4 Kc6 65. Kc3 Bd6 66. Kb3 Be7 67. Bc3 Bd6 68. Bb4
Be5 69. Kc2 Bc7 70. Kd3 Bd8 71. Ke4 g6 72. g4 Bc7 73. Ba3 Bd8 74. Bf8 Bc7
75. Be7 Be5 76. Bd8 Bb2 77. Ba5 Ba1 78. Bd2 Bb2 79. Be3 Ba1 80. Kd3 Be5 81.
Ke4 1/2-1/2

[Event "69th ch-RUS HL 2016"]
[Site "Kolomna RUS"]
[Date "2016.07.01"]
[Round "9.24"]
[White "Sarana, Alexey"]
[Black "Yuffa, Daniil"]
[Result "1-0"]
[WhiteElo "2422"]
[BlackElo "2502"]
[EventDate "2016.06.22"]

1. d4 Nf6 2. Bf4 d6 3. Nf3 g6 4. h3 Bg7 5. e3 O-O 6. Be2 Nc6 7. O-O Nd7 8.
Nc3 e5 9. dxe5 Ncxe5 10. Qd2 Nc5 11. Rad1 Bf5 12. Nd4 Bd7 13. Nb3 Ne6 14.
Bg3 a6 15. Nd5 b5 16. c3 Re8 17. Nd4 Nc5 18. Qc2 c6 19. Nf4 Qb6 20. b4 Na4
21. c4 Rac8 22. Kh1 Qb7 23. c5 dxc5 24. bxc5 Qa7 25. Rc1 a5 26. h4 Bf8 27.
Nb3 Bf5 28. e4 Bd7 29. h5 b4 30. hxg6 hxg6 31. Nd3 Nxd3 32. Bxd3 Nc3 33. e5
Bg7 34. f4 Be6 35. f5 gxf5 36. Bxf5 Bxf5 37. Qxf5 Ne2 38. Qg4 Nxg3+ 39.
Qxg3 Rxe5 40. Rf4 Rce8 41. Rg4 f5 42. Rg5 Qe7 43. Nxa5 Re3 44. Nxc6 Qf6 45.
Rxg7+ Qxg7 46. Qxg7+ Kxg7 47. Nxb4 Re1+ 48. Rxe1 Rxe1+ 49. Kh2 Rc1 50. c6
Rc4 51. a3 Kf6 52. Kh3 Kg5 53. Kg3 Rc3+ 54. Kf2 Kg4 55. Ke2 Kg3 56. Kd2 Rc5
57. Ke3 Rc1 58. Kd2 Rc4 59. Kd3 Rc1 60. Nc2 Rd1+ 61. Kc4 Rc1 62. Kc3 Rh1
63. c7 Rh8 64. Nd4 Rc8 65. Ne6 Kxg2 66. Kd4 Kg3 67. Ke5 f4 68. Kd6 Ra8 69.
Kd7 f3 70. Ng5 Kf4 71. Nxf3 Rxa3 72. c8=Q Rxf3 73. Ke6 Re3+ 74. Kf6 Re4 75.
Qc3 Re3 76. Qd4+ Kf3 77. Kf5 Ke2 78. Kf4 Rd3 79. Qb2+ Ke1 80. Qc1+ Ke2 81.
Ke4 Rh3 82. Qc2+ Kf1 83. Qd1+ Kg2 84. Qe2+ Kg1 85. Kf4 Rh2 86. Qe1+ Kg2 87.
Kg4 Rh8 88. Qd2+ 1-0

[Event "69th ch-RUS HL 2016"]
[Site "Kolomna RUS"]
[Date "2016.07.01"]
[Round "9.25"]
[White "Yanchenko, Roman"]
[Black "Iljiushenok, Ilia"]
[Result "1-0"]
[WhiteElo "2414"]
[BlackElo "2495"]
[EventDate "2016.06.22"]

1. d4 Nf6 2. c4 g6 3. Nf3 Bg7 4. Nc3 O-O 5. e3 d5 6. Bd2 e6 7. Rc1 b6 8.
cxd5 exd5 9. g3 c5 10. Bg2 Ba6 11. Ne5 Re8 12. Qa4 cxd4 13. exd4 Nfd7 14.
f4 f6 15. Bxd5+ Kh8 16. Bxa8 fxe5 17. fxe5 Bxe5 18. Kd1 Bg7 19. Re1 Rf8 20.
Qb4 Nf6 21. Kc2 Nbd7 22. Bf3 Nc5 23. Be2 Nd5 24. Nxd5 Qxd5 25. Bxa6 Nxa6
26. Qe7 Qxa2 27. Qe6 Qa4+ 28. Kb1 Qxd4 29. Bc3 Qd3+ 30. Ka2 Nc5 31. Qe7
Qd5+ 32. Kb1 Qf5+ 33. Ka2 Qd5+ 34. Ka1 Nb3+ 35. Kb1 Qf5+ 36. Rc2 Bxc3 37.
bxc3 Nd2+ 38. Kc1 Nb3+ 39. Kb2 Nc5 40. Rd2 Kg8 41. Qd6 Na4+ 42. Kb3 Qb5+
43. Qb4 Nc5+ 44. Kc2 Qa6 45. Kb1 Rf3 46. Rd8+ Kf7 47. Rd4 Kg7 48. Rd6 Rf1
49. Qd4+ Kh6 50. Rxf1 Qxf1+ 51. Kc2 Qh1 52. Qh4+ Kg7 53. Qe7+ Kh6 54. Qf8+
Kh5 55. Qf4 1-0

[Event "69th ch-RUS HL 2016"]
[Site "Kolomna RUS"]
[Date "2016.07.01"]
[Round "9.26"]
[White "Suleymanyants, Odisey"]
[Black "Goryachkina, Aleksandra"]
[Result "1-0"]
[WhiteElo "2268"]
[BlackElo "2486"]
[EventDate "2016.06.22"]

1. e4 c5 2. Nf3 Nc6 3. d3 g6 4. g3 Bg7 5. Bg2 Nf6 6. O-O d5 7. exd5 Nxd5 8.
Nbd2 O-O 9. Re1 Qc7 10. c3 Rd8 11. a4 Bf5 12. Ne4 Bxe4 13. Rxe4 Qd7 14. Bg5
h6 15. Bd2 Nf6 16. Re3 Ng4 17. Re4 Nf6 18. Re3 Ng4 19. Re4 f5 20. Qb3+ Qd5
21. Qxd5+ Rxd5 22. Re6 Rxd3 23. h3 Nf6 24. a5 a6 25. Bf4 Nd5 26. Rxg6 Kf7
27. Nh4 Nxf4 28. gxf4 Bf6 29. Rxh6 Rd2 30. Nxf5 Rxb2 31. Bd5+ e6 32. Bc4
Rg8+ 33. Kf1 Rg6 34. Re1 Rxh6 35. Nxh6+ Kg6 36. Ng4 Nxa5 37. Rxe6 Nxc4 38.
Rxf6+ Kg7 39. h4 Rb6 40. Rf5 Rc6 41. h5 Rc7 42. Rg5+ Kf8 43. h6 Nd2+ 44.
Kg2 Ne4 45. Rf5+ Kg8 46. f3 Nd6 47. Nf6+ Kf7 48. h7 Rc8 49. Ne8+ Nxf5 50.
h8=Q Ne3+ 51. Kg3 Rxe8 52. Qh5+ Ke7 53. Qxc5+ Kf6 54. Qg5+ Kf7 55. Qh5+ Ke7
56. f5 Nd5 57. Qh7+ Kf8 58. Qh6+ 1-0

[Event "69th ch-RUS HL 2016"]
[Site "Kolomna RUS"]
[Date "2016.07.01"]
[Round "9.27"]
[White "Cherniaev, Alexander"]
[Black "Rodin, Dmitrij"]
[Result "1-0"]
[WhiteElo "2451"]
[BlackElo "2371"]
[EventDate "2016.06.22"]

1. d4 Nf6 2. Bg5 e6 3. e4 h6 4. Bxf6 Qxf6 5. c3 d6 6. Bd3 g6 7. Ne2 Bg7 8.
O-O O-O 9. f4 d5 10. e5 Qe7 11. Nd2 c5 12. Nf3 Nc6 13. g4 Bd7 14. a3 Rac8
15. b4 cxd4 16. cxd4 a6 17. Qd2 f5 18. exf6 Rxf6 19. Ne5 Be8 20. Rac1 Rc7
21. h4 g5 22. Qe3 gxf4 23. Nxf4 Nxe5 24. Qxe5 Rxc1 25. Rxc1 Rf7 26. Qxe6
Bxd4+ 27. Kg2 Qxe6 28. Nxe6 Bb6 29. Rc8 Re7 30. Bf5 Kf7 31. Nc5 Bc6 32. Rh8
d4+ 33. Kf2 Bxc5 34. bxc5 Re3 35. Rh7+ Kf8 36. Rxh6 Rxa3 37. Rd6 a5 38. h5
a4 39. h6 Rh3 40. h7 Kg7 41. Rg6+ Kf7 42. Rg8 a3 43. h8=Q 1-0

[Event "69th ch-RUS HL 2016"]
[Site "Kolomna RUS"]
[Date "2016.07.01"]
[Round "9.28"]
[White "Truskavetsky, Alexandr"]
[Black "Bykov, Egor"]
[Result "1/2-1/2"]
[WhiteElo "2389"]
[BlackElo "2341"]
[EventDate "2016.06.22"]

1. d4 d5 2. c4 c6 3. cxd5 cxd5 4. Nc3 Nf6 5. Bf4 Nc6 6. e3 Bf5 7. Rc1 e6 8.
Qb3 Bb4 9. a3 Bxc3+ 10. Rxc3 O-O 11. Qxb7 Na5 12. Qb4 Rc8 13. Ba6 Rxc3 14.
bxc3 Qb6 15. Qxb6 axb6 16. f3 Ra8 17. Bb5 Bc2 18. Ne2 Bb3 19. Kf2 Bc4 20.
a4 Bxb5 21. axb5 Nc4 22. Rb1 Ra2 23. g4 Kf8 24. h4 h5 25. g5 Ng8 26. Rb4
Ne7 27. e4 Nb2 28. Rb3 Nc4 29. Rb4 Ng6 30. Bg3 f6 31. gxf6 gxf6 32. Ke1 Nd2
33. exd5 exd5 34. Kf2 Nc4 35. Ke1 Ra1+ 36. Kf2 Ra2 37. Ke1 Ra1+ 38. Kf2 Ra2
39. Ke1 Ra1+ 40. Kf2 1/2-1/2

[Event "69th ch-RUS HL 2016"]
[Site "Kolomna RUS"]
[Date "2016.07.01"]
[Round "9.29"]
[White "Triapishko, Olexandr"]
[Black "Korniushin, Nikolay"]
[Result "1-0"]
[WhiteElo "2466"]
[BlackElo "2348"]
[EventDate "2016.06.22"]

1. Nf3 Nf6 2. g3 g6 3. b3 Bg7 4. Bb2 O-O 5. Bg2 c5 6. c4 Nc6 7. O-O d6 8.
d4 d5 9. Nbd2 cxd4 10. Nxd4 Nxd4 11. Bxd4 Be6 12. Rc1 Qd7 13. e3 Rfd8 14.
c5 Bh3 15. Nf3 Bxg2 16. Kxg2 Ne4 17. Qe2 f6 18. Rc2 e5 19. Bb2 Rac8 20.
Rfc1 Bf8 21. b4 a6 22. Ne1 Ng5 23. f4 Nf7 24. Qf3 Qc6 25. a3 Bg7 26. Rd2
Rd7 27. Rcd1 Rcd8 28. Nc2 Qb5 29. Kf2 Qc6 30. g4 Bh6 31. Kg2 Qb5 32. g5 e4
33. Qg4 fxg5 34. f5 gxf5 35. Qxf5 Qc6 36. Bf6 Re8 37. Rxd5 Rxd5 38. Rxd5
Qb5 39. Nd4 Qd3 40. Qf2 g4 41. Rd7 Qxe3 42. Qxe3 Bxe3 43. Rxb7 Bxd4 44.
Bxd4 e3 45. Kf1 h5 46. c6 h4 47. c7 e2+ 48. Ke1 Ng5 49. Be3 Ne6 50. Kxe2 h3
51. Kf2 Nxc7 52. Rxc7 g3+ 53. hxg3 1-0

[Event "69th ch-RUS HL 2016"]
[Site "Kolomna RUS"]
[Date "2016.07.01"]
[Round "9.30"]
[White "Kurbedinov, Ramis"]
[Black "Vasilyev, Vasily"]
[Result "1-0"]
[WhiteElo "2327"]
[BlackElo "2307"]
[EventDate "2016.06.22"]

1. d4 d5 2. Nf3 c6 3. c4 e6 4. Nbd2 Nf6 5. e3 Be7 6. Bd3 O-O 7. O-O Nbd7 8.
b3 dxc4 9. bxc4 c5 10. Bb2 cxd4 11. exd4 b6 12. Qe2 Bb7 13. Rfd1 Rc8 14.
Rac1 Bd6 15. Ne5 Qe7 16. Qe3 Rfd8 17. Qh3 Nf8 18. Ndf3 N6d7 19. Nxd7 Rxd7
20. d5 exd5 21. Bf5 Rdc7 22. Re1 Qd8 23. Qg4 Ne6 24. Nd4 h5 25. Qxh5 g6 26.
Qg4 Ng7 27. Bxc8 Bxc8 28. Qf3 dxc4 29. Nb5 Rd7 30. Nxd6 Rxd6 31. Qc3 f6 32.
Qxc4+ Be6 33. Qc7 Qxc7 34. Rxc7 Bxa2 35. Rxa7 Bc4 36. h3 Bd5 37. Ree7 Ne6
38. Re8+ Nf8 39. Rxf8+ Kxf8 40. Ba3 1-0